| 000 | 00905nam a22002777a 4500 | ||
|---|---|---|---|
| 001 | 9697 | ||
| 003 | FISKH | ||
| 005 | 20260129163710.0 | ||
| 008 | 260129b cb ||||| |||| 00| 0 eng d | ||
| 020 | _a9781587172625 | ||
| 040 |
_aFISKH _beng _cFISKH _dFISKH |
||
| 050 | _aQL737 .C5 .S55 | ||
| 082 | _a599.4 | ||
| 100 | _aSimon​ , Seymour | ||
| 245 |
_aAmazing bats / _cBy Seymour Simon |
||
| 260 |
_aSan Francisco, Calif., _bSeaStar Books, _c2005 . |
||
| 300 |
_a33 unnumbered pages : _bcolor illustrations ; _c23 cm. |
||
| 490 | _a SeeMore readers | ||
| 505 | _aN | ||
| 520 | _aSimple text and color photos introduce several different kinds of bats, covering the places they live, things they eat, and how they are beneficial to humans. | ||
| 521 | 8 |
_a590
_bLexile |
|
| 521 | 8 |
_aN
_bRaz-Plus |
|
| 650 |
_aBats _vJuvenile Literature |
||
| 942 |
_2ddc _cBK _n0 |
||
| 999 |
_c9697 _d9697 |
||